Текст томруулах:    
Video cases to accompany organizational behavior (Бичлэгийн дугаар. 145675)
000 -УДИРДЛАГА
Удирдлага 00876nam a22003257a 4500
003 - ХЯНАЛТЫН ТОО ТОДОРХОЙЛОГЧ
Код MN-UlNUM
005 - БИЧИЛТ ХИЙСЭН ОГНОО
Тухайн бичилтийг бичсэн засварласан сүүлийн огноо 20251118150758.0
008 - ЕРӨНХИЙ МЭДЭЭЛЭЛ
Ерөнхий мэдээлэл 251118s1998 mau 000 | eng d
020 ## - ISBN
ISBN 0070300933
040 ## - БИЧЛЭГ ҮҮСГЭГЧ БАЙГУУЛЛАГА
Бичлэг үүсгэгч номын сангийн код МУИС-ийн номын сан
084 ## - ББК АНГИЛАЛ
Нэмэлт тусгалт Нэг сэдэвт бүтээл
ББК ангилал 65.290-2
Зохиогчийн гурван тэмдэгт K 82
Мэдлэгийн ялгаа 65 - Эдийн засаг
100 ## - ЗОХИОГЧ
Зохиогчийн нэр Kreitner, Robert
245 ## - ҮНДСЭН ГАРЧИГ
Номын нэр Video cases to accompany organizational behavior
Оролцогчдын тухай мэдээ prepared by Karen Maher
260 ## - ГАРАЛТЫН МЭДЭЭ
Хэвлэгдсэн газар Boston, Massachusetts
Хэвлэлийн газар McGraw-Hill/Irwin
Хэвлэгдсэн он 1998
300 ## - МАТЕРИАЛЫН ТОДОРХОЙЛОЛТ
хуудасны тоо 49
500 ## - Тайлбар
Дансны дугаар БС 3940
546 ## - ХЭЛНИЙ ТУХАЙ МЭДЭЭ
Хэл Англи хэл дээр,
653 ## - Түлхүүр үг
Түлхүүр үг organizational
653 ## - Түлхүүр үг
Түлхүүр үг behavior
653 ## - Түлхүүр үг
Түлхүүр үг management
653 ## - Түлхүүр үг
Түлхүүр үг workplace behavior
700 ## - ХАМ ЗОХИОГЧИД
Ба бус Kinicki, Angelo
740 ## - НОМЫН ГАРЧИГ
Гарчиг Harley Davidson
740 ## - НОМЫН ГАРЧИГ
Гарчиг America's Most Wanted: Diversity
740 ## - НОМЫН ГАРЧИГ
Гарчиг Ethics Series
740 ## - НОМЫН ГАРЧИГ
Гарчиг Avon in China
740 ## - НОМЫН ГАРЧИГ
Гарчиг Buddhist Baker
942 ## - ЭЛЕМЕНТИЙН ТӨРӨЛ
Зүйлийн төрөл Ном